| 000 | 00722cam a22002054a 4500 | ||
|---|---|---|---|
| 005 | 20250826125622.0 | ||
| 008 | 250528s ||||||||||||||||||||||||d | ||
| 035 | _a15563 | ||
| 020 | _a131668366 | ||
| 040 |
_aGR-AtMCL _bgre _dGR-AtMCL _eAACR2 |
||
| 245 | 1 | _aComputer Networks / Second Edition | |
| 250 | _a2nd | ||
| 260 |
_bPrentice Hall International, _c1989 |
||
| 300 | _a672 | ||
| 520 | _aIntroduction, The Physical Layer, The Medium Access Sublayer, The Data Link Layer, The Network Layer, The Transport Layer, The Session Layer, The Presentation Layer, The Application Layer, Reading List and Bibliography, Index. | ||
| 700 | 1 |
_aTanenbaum, Andrew S. _9838 |
|
| 942 | _cBK | ||
| 999 |
_c1133 _d1133 |
||